000 01406nam2a2200253 4500
001 RU\NLR\bibl\28434
005 20250615021614.0
021 _aRU
_b98-6957
_9336
035 _a(NLR Aleph) 000027697
090 _a135675
_c135675
100 _a19990519d1997 |||y0rusy50 ca
101 0 _arus
102 _aRU
105 _a|||||||||||||
200 0 _a...(по состоянию на 01.11.97)
210 _d1997
_aБ. м.
215 _a136 с.
461 0 _1001RU\NLR\bibl\29088
_12001#$aСписок населенных пунктов, имеющих телеграфную связь, с указанием маршрутных индексов телеграфной сети общего пользования Российской Федерации...$v...по состоянию на 01.11.97
_9139414
_cМ.
_d1997
_f[Гос. ком. Рос. Федерации по связи и информатизации]
_nБ.и.
_tСписок населенных пунктов, имеющих телеграфную связь, с указанием маршрутных индексов телеграфной сети общего пользования Российской Федерации...
_v...по состоянию на 01.11.97
801 0 _aRU
_bNLR
_c19990519
_gPSBO
801 1 _aRU
_bNLR
_c19990519
852 _aNLR
_j98-7/1675
942 _cBOOK
980 _aNB